<?xml version="1.0" encoding="UTF-8"?>
<record
    xmlns:xsi="http://www.w3.org/2001/XMLSchema-instance"
    xsi:schemaLocation="http://www.loc.gov/MARC21/slim http://www.loc.gov/standards/marcxml/schema/MARC21slim.xsd"
    xmlns="http://www.loc.gov/MARC21/slim">

  <leader>01086naa a2200229 i 4500</leader>
  <controlfield tag="001">BPP</controlfield>
  <controlfield tag="003">BPK</controlfield>
  <controlfield tag="005">20180426112501.0</controlfield>
  <controlfield tag="008">151221s2001    pl     f     |100 0 pol</controlfield>
  <datafield tag="040" ind1=" " ind2=" ">
    <subfield code="c">BPK</subfield>
  </datafield>
  <datafield tag="080" ind1=" " ind2=" ">
    <subfield code="a">629.783:528</subfield>
  </datafield>
  <datafield tag="100" ind1=" " ind2=" ">
    <subfield code="a">KOPCZEWSKI, Marian.</subfield>
    <subfield code="d">1997 - .</subfield>
    <subfield code="b">Politechnika Koszali&#x144;ska - Wydzia&#x142; Elektroniki,</subfield>
    <subfield code="c">Katedra System&#xF3;w Elektronicznych</subfield>
  </datafield>
  <datafield tag="245" ind1=" " ind2=" ">
    <subfield code="a">Globalny system pozycyjny - GPS (wsp&#xF3;&#x142;czesna technika pomiarowa) /</subfield>
    <subfield code="c">Marian Kopczewski, Gra&#x17C;yna Mory&#x144;.</subfield>
  </datafield>
  <datafield tag="500" ind1=" " ind2=" ">
    <subfield code="a">sprawozdanie jednostki (Informator o publikowanych wynikach prac naukowo-badawczych w 2001 roku Wydzia&#x142;u Elektroniki).</subfield>
  </datafield>
  <datafield tag="520" ind1=" " ind2=" ">
    <subfield code="a">Charakterystyka systemu GPS oraz mo&#x17C;liwo&#x15B;ci jego zastosowania.</subfield>
  </datafield>
  <datafield tag="650" ind1=" " ind2=" ">
    <subfield code="a">GPS.</subfield>
  </datafield>
  <datafield tag="650" ind1=" " ind2=" ">
    <subfield code="a">Nawigacja satelitarna.</subfield>
  </datafield>
  <datafield tag="655" ind1=" " ind2="0">
    <subfield code="a">Materia&#x142;y konferencyjne.</subfield>
  </datafield>
  <datafield tag="711" ind1=" " ind2=" ">
    <subfield code="a">Konferencja Naukowa "Sterowanie w radiolokacji i obiektach lataj&#x105;cych"</subfield>
    <subfield code="n">(12 ;</subfield>
    <subfield code="d">2001 ;</subfield>
    <subfield code="c">Jelenia G&#xF3;ra).</subfield>
  </datafield>
  <datafield tag="773" ind1=" " ind2=" ">
    <subfield code="i">W :</subfield>
    <subfield code="t">Dwunasta Konferencja Naukowa WAT pn. Sterowanie w radiolokacji i obiektach lataj&#x105;cych. -</subfield>
    <subfield code="g">2001, s. 153-160</subfield>
  </datafield>
  <datafield tag="942" ind1=" " ind2=" ">
    <subfield code="c">ART</subfield>
    <subfield code="2">UKD</subfield>
  </datafield>
  <datafield tag="999" ind1=" " ind2=" ">
    <subfield code="c">220</subfield>
    <subfield code="d">220</subfield>
  </datafield>
</record>
